Personnages de dessins animés en images - U et W - Statistiques

Statistiques générales
  • Ce quiz a été pris 509 fois
  • Le résultat moyen est 6 sur 16
Statistiques - réponses
Par images Réponse % Correct
Winnie
99%
Ursula
94%
Woody
94%
WALL-E
92%
Wendy Darling
89%
Wallace
56%
Ulysse
40%
Wanda
33%
Willow
11%
Wasabi
10%
Wilma Pierrafeu
6%
Ugo
5%
Ugga Crood
3%
Unity
3%
Üter Zörker
3%
Wilbur Robinson
2%
Aucun quiz correspondant
Distribution des résultats
% des personnes avec chaque résultat
Percentile par nombre de réponses
Votre historique - résultats
Vous n’avez pas pris ce quiz